00153nam a2200061Ia 4500008004100000100001900041245003100060120527s9999 xx 000 0 und d aGINZBURG, V.L. aThe origin of cosmic Rays.